| 000 | 00347nam a22001337a 4500 | ||
|---|---|---|---|
| 005 | 20250526161527.0 | ||
| 008 | 250526b |||||||| |||| 00| 0 eng d | ||
| 050 |
_aDT31 _b.N47 NIC |
||
| 100 | _aNICOL, DAVIDSON | ||
| 245 | _aAFRICA-A SUBJECTIVE VIEW | ||
| 260 |
_aACCRA _bGHANA UNIVERSITIES PRESS _cc1964 |
||
| 300 | _aviii, 88p | ||
| 942 |
_2lcc _cBK _n0 |
||
| 999 |
_c5972 _d5972 |
||